01075nam a2200265 i 450000100060000000300090000600500170001500700030003200800410003502000180007608000250009408000260011910000570014524501540020226000380035630000460039449000250044053400810046565100360054665100330058283000330061585200220064899900170067095201220068710180ES-MaACL20230906145833.0t|950314s1993 sp f |||| | spa d a84-87111-23-8 a9(464.1)Aranjuez"18" a91(464.1)Aranjuez"18"1 aAlvárez de Quindós y Baena, Juan Antonio.92077410aDescripción histórica del Real Bosque y Casa de Aranjuez, dedicada al Rey nuestro señor / cpor D. Juan Antonio Álvarez de Quindós y Baena. aAranjuez : bDoce Calles, c1993. a[18] ,472 p.,[10] h, de lám. ; c20 cm.1 aColeccion facsimilia pReprod. facsímil de la edición de: cMadrid : en la Imprenta Real, 1804. 4aAranjuez-xDescripción.97795 4aAranjuez-xHistoria.91686550 aColeccion facsimilia9228103 aES-MaACLjL-17613 c10180d10180 00104070aATENEOMbATENEOMcDEPO2d2008-01-17eSCl0oL-17613p1010389r2023-02-23 00:00:00w2023-02-23yMONOGRAFIA